| 000 | 00807nam a2200217Ia 4500 | ||
|---|---|---|---|
| 001 | 10368 | ||
| 003 | GE_BSU | ||
| 008 | 181216s||||||||xx |||||||||||||| ||und|| | ||
| 040 | _cGE_BSU | ||
| 080 | _a821.353.1 | ||
| 100 | _aფურცელაძე,ანტონ | ||
| 245 | _aრჩეული ნაწერები | ||
| 245 | _cრედ.ს.ჭილაია.მხატვ.გ.გორდელაძე.ვ.ჯაფარიძე | ||
| 260 | _aთბილისი | ||
| 260 | _bსახელგამი | ||
| 260 | _c1951 | ||
| 300 | _a562გვ.8ფ.პორტრ.ილ.24სმ. | ||
| 300 | _cდანართი ანტონ ფურცელაძე–ს.ჭილაია გვ.539-61 | ||
| 653 | _aრჩეული ნაწერები | ||
| 942 | _cBK | ||
| 999 |
_c43633 _d43633 |
||